Parole "Alicante" -Gambino - Statistiques

Statistiques générales
  • Ce quiz a été pris 29 fois
  • Le résultat moyen est 7 sur 27
Statistiques - réponses
Indices Réponse % Correct
Cet été, j'vends d'la moula En Alicante
95%
On s'verra loin de là, En Alicante
95%
En Alicante (en Alicante) en Alicante En Alicante
95%
Ma brunette, mets l'chapeau d'paille, j'te fais voyager
36%
Le cigare de Cuba, dégaine d'3arbi, de Savastano
32%
J'suis posé, paire d'Asics, la miss calée à la mise à l'eau
32%
En c'moment ça va pas réseau, qui a tort, qui a raison
27%
Il fait des tours et des tours et des tours et des tours
27%
Il s'met en fufu c't'année, c'est nous et ouais, la zine
27%
Ton p'tit boule dans la p'tite cuisine, dans l'appart, ça sent la résine
27%
Na-na-na-na-na-na-na, je m'en bats les c' de ta nana
27%
Cette année, j'pète tout sur pépé, chapeau d'paille traficante
18%
Je m'en bats les c', j'ai même plus d'réseau
18%
Il est libérable, il veut le rainté
18%
et des tours sous les cocotiers
18%
J'suis plus là, demande à Nabil
14%
Le guetteur qui crie "akha" arbat au quartier
14%
Appelle-moi "la fusée", on s'voit dans les îles
14%
Elle aime toute la fufu, elle est refaite
14%
Oh ma fée clochette, elle passe au quartier, elle est coquette
14%
Va dire au patron "j'veux la recette
14%
On s'cale tous dans le vaisseau
14%
Toi tu m'jalouses, en total indé
9%
Le gérant crie "akha", j'vends 10, 20, 30 j'fais un TP
9%
À 20 piges, j'fais courir les condés
9%
J'me balade en Vespa, j'suis dans ma ville
5%
Il est seul dans la piscine, il fume le jaune moula la
5%
Aucun quiz correspondant
Distribution des résultats
% des personnes avec chaque résultat
Percentile par nombre de réponses
Votre historique - résultats
Vous n’avez pas pris ce quiz